书目信息 |
| 题名: |
中国大地构造相图 1:4000000
|
|
| 作者: | 许靖华 主编 | |
| 分册: | ||
| 出版信息: | 北京 科学出版社 1998.09 |
|
| 页数: | 155页 | |
| 开本: | 16开 | |
| 丛书名: | ||
| 单 册: | ||
| 中图分类: | P548.2-64 | |
| 科图分类: | ||
| 主题词: | 构造地质学 | |
| 电子资源: | ||
| ISBN: | 7-03-006018-0 | |
| 000 | 00589nam0 2200193 45 | |
| 001 | 0009171079 | |
| 005 | 20000917104459.0 | |
| 010 | @a7-03-006018-0@d110.00元 | |
| 100 | @a20000917d1998 km y0chiy0120 ea | |
| 101 | 0 | @achi |
| 105 | @a z 000yy | |
| 200 | 1 | @a中国大地构造相图 1:4000000@AZhong Guo Da Di Gou Zao Xiang Tu 1:4000000@f许靖华等主编@FXu Jing Hua Deng Zhu Bian |
| 210 | @a北京@c科学出版社@d1998.09 | |
| 215 | @a155页@d16开 | |
| 606 | 0 | @a构造地质学 |
| 690 | @aP548.2-64@v3 | |
| 701 | 0 | @a许靖华@4主编 |
| 801 | @aCN@bPftUser@c20000917 | |
| 905 | @b146349-351@dP548.2-64@eX328@f3 | |
| 中国大地构造相图 1:4000000/许靖华等主编.-北京:科学出版社,1998.09 |
| 155页;16开 |
| ISBN 7-03-006018-0:110.00元 |
| ● |
| 相关链接 |
|
|
|
正题名:中国大地构造相图1:4000000
索取号:P548.2-64/X328
 
预约/预借
| 序号 | 登录号 | 条形码 | 馆藏地/架位号 | 状态 | 备注 |
| 1 | 146349 | 201463497 | 期刊室512/401自科库 124排1列2层/ [索取号:P548.2-64/X328] | 在馆 | |
| 2 | 146350 | 201463503 | 自科库401/401自科库 129排2列1层/ [索取号:P548.2-64/X328] | 在馆 | |
| 3 | 146351 | 201463512 | 期刊室512/401自科库 124排1列2层/ [索取号:P548.2-64/X328] | 在馆 |